Spojené státy a konec bipolarity

Ekonomický rozmer americkej zahraničnej politiky. Národné záujmy na prvom mieste. Neokonzervatívna odpoveď na terorizmus. Ochota k multilateralizmu.

Gespeichert in:
Bibliographische Detailangaben
1. Verfasser: Skoupý, Jiří
Format: Buchkapitel
Sprache:Tschechisch
Schlagworte:
Tags: Tag hinzufügen
Keine Tags, Fügen Sie das erste Tag hinzu!

MARC

LEADER 00000naa$a2200000$$$4500
001 0107992
005 20231016093711.2
041 0 |a cze 
044 |a CZ 
245 1 0 |a Spojené státy a konec bipolarity  |c Jiří Skoupý 
520 |a Ekonomický rozmer americkej zahraničnej politiky. Národné záujmy na prvom mieste. Neokonzervatívna odpoveď na terorizmus. Ochota k multilateralizmu. 
610 2 0 |a politika vnútorná 
610 2 0 |a politika zahraničná 
610 2 0 |a politika medzinárodná 
610 2 0 |a vzťahy medzinárodné 
610 2 0 |a prezidenti 
610 2 0 |a vláda 
610 2 0 |a terorizmus 
610 2 0 |a USA 
100 1 |a Skoupý, Jiří